000 00604nam a2200193Ii 4500
003 JO-AjNU
008 230605s9999||||xx |||||||||||||| ||und||
040 _aJO-AjNU
_bara
_erda
_cJO-AjNU
041 _aara
050 1 4 _aQP514.2.H5676 1986
100 3 _aهنداوي ، رياض,
_eauthor
_910676
245 0 0 _aفصول في الكيمياء الحيوية
264 3 1 _aبغداد:مطبعة طبرين ، 1986
300 _a240ص
336 _atext
_btxt
_2rdacontent
337 _aunmediated
_bn
_2rdamedia
338 _avolume
_bnc
_2rdacarrier
650 4 _aالكيمياء الحيوية
_910677
999 _aA1928
_c5496
_d5496